000 00975nam a2200313Ia 4500
001 Z_1688
003 CHAP
008 220113s1999 xx 000 0 und d
010 _a164779
040 _cCHAP
090 _aTesis O 1344
100 _aOrtega Navarro, David
_983840
245 _aSiembra de praderas de alfalfa (Medicago sativa L.) y orchard (Dactylis glomerata L.) en primavera /
_cpor David Ortega Navarro y Gaudencio García Ríos
260 _aChapingo, Méx. :
_bEl autor,
_c1999
300 _a26 h.
502 _aTesis (Ing. Agr. Esp. en Zootecnia) -- UACH. Departamento de Zootecnia
650 _aAlfalfa
_xEspaciamiento
_93864
650 _aAvena
_xEspaciamiento
_98518
650 _aDactylis glomerata
_930865
650 _aPraderas
_991230
650 _aSiembra múltiple
_9137549
700 _aGarcía Ríos, Gaudencio
_946542
901 _aTESIS O 1344
902 _aM
910 _a1999
942 _c2
942 _c2
999 _c164779
_d164779